Départements de Nouvelle-Aquitaine - Mort subite - Statistiques

Statistiques générales
  • Ce quiz a été pris 358 fois
  • Le résultat moyen est 7 sur 12
Answers on the Grid
Answers color-coded by a green-red scale on the quiz's grid according to % correct below.
Périgord
Golfe de Gascogne
Lot-et-Dordogne
Béarn
Indre
Allier
Tarn-et-Garonne
Lot
Hautes-Pyrénées
Vendée
Gers
Limousin
Pyrénées-Atlantiques
Landes
Gironde
Lot-et-Garonne
Dordogne
Charente
Charente-Maritime
Deux-Sèvres
Vienne
Haute-Vienne
Creuse
Corrèze
 
Statistiques - réponses
Réponse % Correct
Landes
63%
Gironde
62%
Pyrénées-Atlantiques
62%
Charente
61%
Dordogne
59%
Charente-Maritime
58%
Vienne
52%
Deux-Sèvres
49%
Lot-et-Garonne
49%
Corrèze
47%
Creuse
45%
Haute-Vienne
45%
Aucun quiz correspondant
Distribution des résultats
% des personnes avec chaque résultat
Percentile par nombre de réponses
Votre historique - résultats
Vous n’avez pas pris ce quiz